[Event "Ordu op 5th"]
[Site "Ordu"]
[Date "2019.04.29"]
[Round "1"]
[White "Pacher, Milan"]
[Black "Acar, Utku Cengiz"]
[Result "1-0"]
[WhiteElo "2391"]
[BlackElo "2086"]
[PlyCount "83"]
[EventDate "2019.04.29"]
[EventType "swiss"]
[EventRounds "9"]
[EventCountry "TUR"]
[SourceTitle "CBM 190 Extra"]
[Source "ChessBase"]
[SourceDate "2019.07.15"]
[SourceVersion "1"]
[SourceVersionDate "2019.07.15"]
[SourceQuality "1"]

1. e4 c5 2. Nf3 e6 3. d4 cxd4 4. Nxd4 Nc6 5. Nc3 Qc7 6. Be3 a6 7. Qf3 d6 8. 0-0-0 Bd7 9. Qg3 Nf6 10. f4 b5 11. e5 dxe5 12. fxe5 Qxe5 13. Bf4 Qc5 14. Nb3 Qh5 15. Be2 Qg6 16. Qf2 Nb4 17. Bf3 Rc8 18. Rhe1 Bc6 19. Re2 Be7 20. Qa7 Qf5 21. Be5 Nfd5 22. a3 Nxc2 23. Rxc2 Qxe5 24. Nxd5 exd5 25. Bxd5 Bd7 26. Rxc8+ Bxc8 27. Bc6+ Kf8 28. Qa8 Bg5+ 29. Kb1 Ke7 30. Qa7+ Kf6 31. Bd5 Be6 32. Bxe6 Qxe6 33. Nd4 Qd6 34. Rf1+ Ke5 35. Rf5+ Ke4 36. Rxg5 f5 37. Rxg7 Rd8 38. Re7+ Kd3 39. Nxf5 Qg6 40. Qe3+ Kc4 41. Qc3+ Kd5 42. Re5# 1-0

[Event "Mersin op 3rd"]
[Site "Mersin"]
[Date "2018.09.12"]
[Round "6"]
[White "Acar, Utku Cengiz"]
[Black "Gasimov, Parviz"]
[Result "1/2-1/2"]
[WhiteElo "2122"]
[BlackElo "2341"]
[PlyCount "54"]
[EventDate "2018.09.09"]
[EventType "swiss"]
[EventRounds "9"]
[EventCountry "TUR"]
[SourceTitle "CBM 186 Extra"]
[Source "ChessBase"]
[SourceDate "2018.08.24"]
[SourceVersion "1"]
[SourceVersionDate "2018.08.24"]
[SourceQuality "1"]

1. e4 e6 2. d4 d5 3. Nd2 Nf6 4. e5 Nfd7 5. Bd3 c5 6. c3 Nc6 7. Ne2 cxd4 8. cxd4 f6 9. exf6 Qxf6 10. Nf3 h6 11. 0-0 Bd6 12. Ng3 0-0 13. Bc2 Rf7 14. Nh5 Qd8 15. Re1 Nf8 16. Ne5 Nxe5 17. dxe5 Bc5 18. Be3 d4 19. Bf4 Bd7 20. Qg4 Kh8 21. Bd3 Bc6 22. Rac1 Bb6 23. Bd2 Qd7 24. Bb4 Bb5 25. Nf4 Bxd3 26. Nxd3 Qb5 27. Qe4 Rd8 1/2-1/2

[Event "Mersin op 3rd"]
[Site "Mersin"]
[Date "2018.09.10"]
[Round "2"]
[White "Acar, Utku Cengiz"]
[Black "Bagaturov, Giorgi"]
[Result "0-1"]
[WhiteElo "2122"]
[BlackElo "2396"]
[PlyCount "86"]
[EventDate "2018.09.09"]
[EventType "swiss"]
[EventRounds "9"]
[EventCountry "TUR"]
[SourceTitle "CBM 186 Extra"]
[Source "ChessBase"]
[SourceDate "2018.08.24"]
[SourceVersion "1"]
[SourceVersionDate "2018.08.24"]
[SourceQuality "1"]

1. e4 c5 2. Nf3 Nc6 3. d4 cxd4 4. Nxd4 e6 5. Nc3 Qc7 6. g3 d6 7. Bg2 Nf6 8. 0-0 Bd7 9. Ndb5 Qb8 10. Bf4 Ne5 11. a4 a6 12. Nd4 Be7 13. b3 0-0 14. Bc1 Qc7 15. Bb2 Rac8 16. Re1 Rfd8 17. Qe2 Nc6 18. Rad1 Nxd4 19. Rxd4 Ne8 20. Rd2 Qa5 21. Nd1 b5 22. axb5 axb5 23. Ne3 Qc7 24. Red1 Bc6 25. c4 Qb7 26. cxb5 Bxe4 27. Bxe4 Qxe4 28. b6 Qb7 29. Bd4 Bf6 30. Bxf6 Nxf6 31. Rxd6 Rxd6 32. Rxd6 Ne4 33. Rd4 Ng5 34. Qd1 Nf3+ 35. Kf1 Nxd4 36. Qxd4 Rb8 37. Nc4 Qd5 38. Qe3 Ra8 39. Qe1 Ra1 40. Qxa1 Qh1+ 41. Ke2 Qxa1 42. b7 Qa2+ 43. Nd2 Qa6+ 0-1

[Event "Ordu op 4th"]
[Site "Ordu"]
[Date "2018.04.12"]
[Round "4"]
[White "Acar, Utku Cengiz"]
[Black "Asgharzadeh, Mitra"]
[Result "1/2-1/2"]
[WhiteElo "2026"]
[BlackElo "2057"]
[PlyCount "126"]
[EventDate "2018.04.10"]
[EventType "swiss"]
[EventRounds "9"]
[EventCountry "TUR"]
[SourceTitle "CBM 183 Extra"]
[Source "ChessBase"]
[SourceDate "2018.04.19"]
[SourceVersion "1"]
[SourceVersionDate "2018.04.19"]
[SourceQuality "1"]

1. e4 c5 2. Nf3 d6 3. d4 cxd4 4. Nxd4 Nf6 5. Nc3 g6 6. Be3 Bg7 7. f3 0-0 8. Qd2 Nc6 9. g4 Nxd4 10. Bxd4 Be6 11. 0-0-0 Rc8 12. h4 Qa5 13. a3 h5 14. g5 Nd7 15. f4 Nb6 16. Bxg7 Kxg7 17. Qd4+ Kg8 18. f5 gxf5 19. exf5 Bxf5 20. Bd3 Bxd3 21. Qxd3 Rxc3 22. Qxc3 Qxc3 23. bxc3 Rc8 24. Rh3 Nc4 25. Rd4 Nxa3 26. Ra4 Nb5 27. Rb4 a6 28. c4 Nd4 29. Rxb7 Rxc4 30. Rxe7 Rxc2+ 31. Kd1 Rc6 32. Rd7 Kg7 33. Re3 Rc8 34. Ree7 Rf8 35. Re4 Nf5 36. Ra7 Rb8 37. Rxa6 Rb1+ 38. Kc2 Rh1 39. Raa4 Rh2+ 40. Kd3 Rh3+ 41. Kd2 Rh2+ 42. Ke1 Rb2 43. Kd1 Kg6 44. Rf4 Rb5 45. Rab4 Rc5 46. Kd2 Re5 47. Rfe4 Rd5+ 48. Kc3 Rc5+ 49. Kb3 Rd5 50. Ka4 Rd1 51. Kb5 d5 52. Rf4 Rc1 53. Ka4 Ra1+ 54. Kb3 Ra6 55. Kc3 f6 56. gxf6 Kxf6 57. Rb5 Rd6 58. Kd3 Ke5 59. Rf1 Nxh4 60. Rh1 Nf5 61. Rxh5 Ra6 62. Rxd5+ Kxd5 63. Rxf5+ Ke6 1/2-1/2

[Event "Ordu op 4th"]
[Site "Ordu"]
[Date "2018.04.10"]
[Round "2"]
[White "Acar, Utku Cengiz"]
[Black "Dogan, Nazmi Can"]
[Result "1/2-1/2"]
[WhiteElo "2026"]
[BlackElo "2290"]
[PlyCount "65"]
[EventDate "2018.04.10"]
[EventType "swiss"]
[EventRounds "9"]
[EventCountry "TUR"]
[SourceTitle "CBM 183 Extra"]
[Source "ChessBase"]
[SourceDate "2018.04.19"]
[SourceVersion "1"]
[SourceVersionDate "2018.04.19"]
[SourceQuality "1"]

1. e4 b6 2. d4 Bb7 3. Bd3 e6 4. Nf3 c5 5. c3 Nf6 6. Qe2 d5 7. e5 Nfd7 8. Ng5 g6 9. a3 Qe7 10. b4 Nc6 11. Nf3 Bg7 12. Bf4 f6 13. b5 Na5 14. Nbd2 0-0 15. 0-0 f5 16. Rfc1 Rfc8 17. Qd1 cxd4 18. cxd4 Rxc1 19. Qxc1 Rc8 20. Qb2 h6 21. h4 Bf8 22. a4 Kg7 23. Rc1 Qd8 24. Rxc8 Qxc8 25. Qc2 Be7 26. Qxc8 Bxc8 27. g3 Nf8 28. Be3 Nh7 29. Be2 g5 30. hxg5 hxg5 31. Ne1 Bd7 32. f4 g4 33. Nc2 1/2-1/2

[Event "TUR-chT 2nd League"]
[Site "Konya"]
[Date "2017.07.21"]
[Round "7.2"]
[White "Acar, Utku Cengiz"]
[Black "Yakar, Ozan Tuna"]
[Result "1-0"]
[WhiteElo "1863"]
[BlackElo "1718"]
[PlyCount "115"]
[EventDate "2017.07.17"]
[EventType "team-swiss"]
[EventRounds "9"]
[EventCountry "TUR"]
[SourceTitle "CBM 179 Extra"]
[Source "ChessBase"]
[SourceDate "2017.08.23"]
[SourceVersion "1"]
[SourceVersionDate "2017.08.23"]
[SourceQuality "1"]
[WhiteTeam "Bulancak Ihsaniye Genclik"]
[BlackTeam "Mugla Ortaca Belediye"]
[WhiteTeamCountry "TUR"]
[BlackTeamCountry "TUR"]

1. e4 c5 2. Nf3 d6 3. d4 cxd4 4. Nxd4 Nf6 5. Nc3 a6 6. Bg5 e6 7. Qe2 Nc6 8. 0-0-0 Nxd4 9. Rxd4 Qb6 10. Be3 Qa5 11. g4 b5 12. g5 b4 13. Nb1 e5 14. Rc4 d5 15. Rxc8+ Rxc8 16. gxf6 d4 17. Qxa6 Rc5 18. fxg7 Bxg7 19. Bd2 Qxa6 20. Bxa6 Ra5 21. Bc4 Bf8 22. Kd1 Rg8 23. Ke2 Ra8 24. Be1 Rg4 25. Nd2 Bh6 26. Bd5 Rb8 27. Nc4 f6 28. h3 Rg2 29. Kf3 Rg6 30. Bd2 Bf8 31. a3 Rg7 32. axb4 Bxb4 33. Bxb4 Rxb4 34. Ra1 Rd7 35. b3 Kf8 36. Ra8+ Kg7 37. Kg4 Kg6 38. Rg8+ Rg7 39. Rxg7+ Kxg7 40. Nb2 Kg6 41. Nd3 Rb8 42. b4 h6 43. h4 h5+ 44. Kf3 Rb6 45. Ke2 Rb8 46. Bc6 Kf7 47. b5 Ke7 48. Nb4 Kd6 49. Nd5 Rf8 50. Bb7 f5 51. f3 fxe4 52. fxe4 Rg8 53. b6 Rg4 54. Bc8 Rxe4+ 55. Kd2 Rxh4 56. b7 Rh2+ 57. Kc1 Rh1+ 58. Kb2 1-0

[Event "Mersin op 1st"]
[Site "Mersin"]
[Date "2016.10.28"]
[Round "8"]
[White "Kizilkus, Akin"]
[Black "Acar, Utku Cengiz"]
[Result "0-1"]
[WhiteElo "1846"]
[BlackElo "1903"]
[PlyCount "116"]
[EventDate "2016.10.23"]
[EventType "swiss"]
[EventRounds "9"]
[EventCountry "TUR"]
[SourceTitle "EXT 2018"]
[Source "ChessBase"]
[SourceDate "2017.10.13"]
[SourceVersion "1"]
[SourceVersionDate "2017.10.13"]
[SourceQuality "1"]

1. d4 Nf6 2. c4 g6 3. Nc3 Bg7 4. e4 d6 5. h3 0-0 6. Bg5 h6 7. Be3 Nbd7 8. Bd3 c5 9. d5 Ne8 10. Qd2 Ne5 11. Be2 Kh7 12. f4 Nd7 13. Nf3 e6 14. 0-0 exd5 15. exd5 f5 16. Rae1 Ndf6 17. Bd3 Nc7 18. Bf2 Bd7 19. Re2 Re8 20. Rfe1 Rxe2 21. Qxe2 Qe8 22. Qc2 Qf7 23. a3 a5 24. Rb1 b6 25. b4 axb4 26. axb4 Na6 27. bxc5 bxc5 28. Be1 Nb4 29. Qd1 Ra3 30. Bc2 Qe8 31. Bd2 Rxc3 32. Bxc3 Qe3+ 33. Kh1 Qxc3 34. Bb3 Ne4 35. Qc1 Qf6 36. Qe3 Qd8 37. Kh2 Qa5 38. Kh1 Qa3 39. Qc1 Qa7 40. Qe3 Kg8 41. Kh2 Kf7 42. Kh1 Qa3 43. Qc1 Qxc1+ 44. Rxc1 Nf2+ 45. Kh2 Nfd3 46. Rf1 Nxf4 47. Ne1 Ne2 48. Rf3 Nd4 49. Rc3 g5 50. Bd1 g4 51. hxg4 fxg4 52. Ra3 Be5+ 53. Kg1 Bf5 54. Ra7+ Kf6 55. Ra8 Kg5 56. Ra3 h5 57. g3 Be4 58. Kf2 Nf5 0-1

[Event "Mersin op 1st"]
[Site "Mersin"]
[Date "2016.10.27"]
[Round "7"]
[White "Acar, Utku Cengiz"]
[Black "Duman, Aydin"]
[Result "0-1"]
[WhiteElo "1903"]
[BlackElo "2079"]
[PlyCount "90"]
[EventDate "2016.10.23"]
[EventType "swiss"]
[EventRounds "9"]
[EventCountry "TUR"]
[SourceTitle "EXT 2018"]
[Source "ChessBase"]
[SourceDate "2017.10.13"]
[SourceVersion "1"]
[SourceVersionDate "2017.10.13"]
[SourceQuality "1"]

1. e4 d6 2. d4 Nf6 3. Nc3 c6 4. Be3 Qa5 5. f3 e5 6. Nge2 Nbd7 7. g4 Nb6 8. Ng3 Na4 9. Qd2 Nxb2 10. Rb1 Na4 11. Nxa4 Qxa4 12. dxe5 dxe5 13. g5 Nd7 14. Nf5 Qxa2 15. Rd1 Qa3 16. c3 g6 17. Bh3 gxf5 18. Bxf5 Qe7 19. Rg1 Bg7 20. h4 0-0 21. h5 Nb6 22. h6 Bxf5 23. exf5 Rfd8 24. Qc2 Rxd1+ 25. Kxd1 Nc4 26. Bc1 Rd8+ 27. Ke2 e4 28. hxg7 exf3+ 29. Kxf3 Rd3+ 30. Qxd3 Ne5+ 31. Ke2 Nxd3+ 32. Kxd3 Qd7+ 33. Ke2 Qxf5 34. Rd1 Qg4+ 35. Ke1 Qg3+ 36. Ke2 Qxc3 37. Be3 Qc2+ 38. Rd2 Qc4+ 39. Kf2 Kxg7 40. Bd4+ Kg6 41. Be3 Qh4+ 42. Kg2 Qg4+ 43. Kf2 Qf5+ 44. Kg3 Qe5+ 45. Kg2 Qxe3 0-1

[Event "Malatya Golden Apricot op 4th"]
[Site "Malatya"]
[Date "2016.08.23"]
[Round "5"]
[White "Rahmanov, Shahriyar Teymur Og"]
[Black "Acar, Utku Cengiz"]
[Result "1-0"]
[WhiteElo "2332"]
[BlackElo "1880"]
[PlyCount "109"]
[EventDate "2016.08.21"]
[EventType "swiss"]
[EventRounds "9"]
[EventCountry "TUR"]
[SourceTitle "CBM 174 Extra"]
[Source "ChessBase"]
[SourceDate "2016.10.10"]
[SourceVersion "1"]
[SourceVersionDate "2016.10.10"]
[SourceQuality "1"]

1. d4 Nf6 2. c4 g6 3. Nc3 Bg7 4. e4 d6 5. f4 0-0 6. Nf3 c5 7. d5 e6 8. dxe6 Bxe6 9. Bd3 Bg4 10. h3 Bxf3 11. Qxf3 Nc6 12. Be3 Nd4 13. Qf2 Ne8 14. g4 Nc7 15. h4 f5 16. 0-0-0 fxg4 17. h5 g5 18. h6 Be5 19. f5 Nce6 20. Qg1 Nf4 21. Qxg4 Kf7 22. Nd5 Rg8 23. Rhg1 Nxd5 24. exd5 Bf6 25. Bxd4 Bxd4 26. f6 Qxf6 27. Rgf1 Be3+ 28. Kc2 Bf4 29. Qh5+ Ke7 30. Rde1+ Kd7 31. Re6 Qf8 32. Bxh7 Rh8 33. Qg6 Re8 34. Qg7+ Qxg7 35. hxg7 Rxh7 36. Rxe8 Rxg7 37. Rb8 Kc7 38. Ra8 a6 39. a3 Rh7 40. Rf2 Be5 41. Rg8 Bf4 42. Re2 Kb6 43. Rg6 Kc7 44. b4 Kb6 45. Rge6 Rh1 46. Rf2 Kc7 47. bxc5 dxc5 48. Re7+ Kd6 49. Rxb7 Rc1+ 50. Kb3 Be5 51. Rb6+ Kc7 52. Rc6+ Kd7 53. Rf7+ Ke8 54. Rh7 Rb1+ 55. Kc2 1-0

[Event "TUR-chT"]
[Site "Kocaeli"]
[Date "2015.08.14"]
[Round "12.4"]
[White "Aydincelebi, Kagan"]
[Black "Acar, Utku Cengiz"]
[Result "0-1"]
[WhiteElo "1977"]
[BlackElo "1930"]
[PlyCount "130"]
[EventDate "2015.08.04"]
[EventType "team-tourn"]
[EventRounds "13"]
[EventCountry "TUR"]
[SourceTitle "CBM 167 Extra"]
[Source "ChessBase"]
[SourceDate "2015.09.14"]
[SourceVersion "1"]
[SourceVersionDate "2015.09.14"]
[SourceQuality "1"]
[WhiteTeam "Istanbul Teknik Uni"]
[BlackTeam "Akdeniz Belediyesi"]
[WhiteTeamCountry "TUR"]
[BlackTeamCountry "TUR"]

1. e4 Nf6 2. e5 Nd5 3. c4 Nb6 4. d4 d6 5. f4 dxe5 6. fxe5 Bf5 7. Nc3 e6 8. Be3 Nc6 9. Nf3 Bb4 10. Be2 0-0 11. 0-0 Na5 12. c5 Bxc3 13. bxc3 Nd5 14. Bd2 Nc6 15. Qe1 Nde7 16. Kh1 Bg6 17. Nh4 Qd5 18. Bg5 Rab8 19. Rf4 b6 20. cxb6 Rxb6 21. Bd1 Qd7 22. Nxg6 Nxg6 23. Rf1 Na5 24. Bc2 Rb2 25. Be4 Qa4 26. h4 h6 27. Bc1 Rxa2 28. Rxa2 Qxa2 29. h5 Ne7 30. Qg3 Qe2 31. Bd3 Qxh5+ 32. Kg1 Nac6 33. Bc2 g6 34. Rf4 Nf5 35. Qf2 g5 36. Rf3 g4 37. Rxf5 exf5 38. Bxf5 Ne7 39. Be4 Ng6 40. Ba3 Rb8 41. e6 fxe6 42. Qf6 Nf8 43. Bxf8 Rxf8 44. Bh7+ Kxh7 45. Qxf8 Qf5 46. Qe7+ Kg6 47. Qxc7 a5 48. Qb8 Kg5 49. g3 Qf7 50. Qd8+ Kf5 51. Qxa5+ Ke4 52. Qe5+ Kd3 53. Qf4 Qxf4 54. gxf4 Ke4 55. Kg2 Kxf4 56. c4 Ke4 57. c5 Kd5 58. Kg3 h5 59. Kf4 Kc6 60. Kg3 Kd7 61. Kf4 Kc7 62. Kg3 Kc6 63. Kf4 Kd5 64. Kg3 e5 65. dxe5 Kxe5 0-1

[Event "TUR-chT"]
[Site "Kocaeli"]
[Date "2015.08.11"]
[Round "8.7"]
[White "Karaahmetoglu, Ege"]
[Black "Acar, Utku Cengiz"]
[Result "1/2-1/2"]
[WhiteElo "2032"]
[BlackElo "1930"]
[PlyCount "82"]
[EventDate "2015.08.04"]
[EventType "team-tourn"]
[EventRounds "13"]
[EventCountry "TUR"]
[SourceTitle "CBM 167 Extra"]
[Source "ChessBase"]
[SourceDate "2015.09.14"]
[SourceVersion "1"]
[SourceVersionDate "2015.09.14"]
[SourceQuality "1"]
[WhiteTeam "Ankara Demirspor"]
[BlackTeam "Akdeniz Belediyesi"]
[WhiteTeamCountry "TUR"]
[BlackTeamCountry "TUR"]

1. e4 Nf6 2. e5 Nd5 3. d4 d6 4. c4 Nb6 5. exd6 exd6 6. Nc3 Nc6 7. Be3 Be7 8. Bd3 0-0 9. b3 Bf6 10. Nge2 Re8 11. h3 Bg5 12. Bxg5 Qxg5 13. Qd2 Qxg2 14. 0-0-0 Qxf2 15. Ne4 Qh4 16. c5 Rxe4 17. Bxe4 Qxe4 18. cxb6 axb6 19. Nc3 Qf5 20. d5 Ne5 21. Rdf1 Qh5 22. Ne4 Qh4 23. Nc3 Qb4 24. Rhg1 g6 25. Kb1 Ra5 26. Rf4 Qc5 27. Rc1 Kg7 28. b4 Rb5 29. Nxb5 Qxb5 30. Rxc7 Bxh3 31. Rfxf7+ Nxf7 32. Qc3+ Kg8 33. Qxh3 Qxb4+ 34. Kc1 Qf4+ 35. Kc2 Qe4+ 36. Qd3 Qa4+ 37. Kb2 Ne5 38. Rc8+ Kg7 39. Rc7+ Kg8 40. Rc8+ Kg7 41. Rc7+ Kg8 1/2-1/2

[Event "TUR-chT"]
[Site "Kocaeli"]
[Date "2015.08.08"]
[Round "6.1"]
[White "Ozen, Deniz"]
[Black "Acar, Utku Cengiz"]
[Result "1/2-1/2"]
[WhiteElo "2066"]
[BlackElo "1930"]
[PlyCount "159"]
[EventDate "2015.08.04"]
[EventType "team-tourn"]
[EventRounds "13"]
[EventCountry "TUR"]
[SourceTitle "CBM 167 Extra"]
[Source "ChessBase"]
[SourceDate "2015.09.14"]
[SourceVersion "1"]
[SourceVersionDate "2015.09.14"]
[SourceQuality "1"]
[WhiteTeam "Kayseri Seker"]
[BlackTeam "Akdeniz Belediyesi"]
[WhiteTeamCountry "TUR"]
[BlackTeamCountry "TUR"]

1. e4 c5 2. Nf3 g6 3. c3 Bg7 4. d4 d5 5. exd5 cxd4 6. cxd4 Nf6 7. Bb5+ Bd7 8. Bc4 0-0 9. 0-0 b5 10. Bb3 Bf5 11. Ne5 Nxd5 12. Qf3 Be6 13. Nc3 Nb6 14. Bxe6 fxe6 15. Qg4 Rf5 16. Nxb5 Bxe5 17. dxe5 Nc6 18. Rd1 Nd5 19. Nd4 Nxd4 20. Qxd4 Qc7 21. Bh6 Qb7 22. b3 Kf7 23. Qe4 Rh5 24. Be3 Kg7 25. Rac1 Rf8 26. Qd4 a6 27. Qa7 Qb5 28. Qc5 Qe2 29. Rxd5 exd5 30. Qxe7+ Rf7 31. Qc5 Qg4 32. Qxd5 Rd7 33. Qc4 Rd1+ 34. Rxd1 Qxd1+ 35. Qf1 Qxf1+ 36. Kxf1 Rxh2 37. Kg1 Rh4 38. f4 g5 39. g3 Rg4 40. Kf2 gxf4 41. Bxf4 Kf7 42. Kf3 Rg8 43. Ke4 Ke6 44. Kd4 Rc8 45. b4 Rc2 46. a4 Ra2 47. a5 Rc2 48. Kd3 Rc8 49. Kd4 h5 50. Bg5 Rg8 51. Bh4 Rg4+ 52. Kc5 Kxe5 53. b5 axb5 54. Kxb5 Kd6 55. a6 Kc7 56. Bf6 Kb8 57. Be5+ Ka8 58. Bd6 Rg5+ 59. Kc4 Ka7 60. Kd4 Kxa6 61. Bf4 Rg4 62. Ke3 Kb5 63. Kf3 Kc5 64. Bb8 Kd5 65. Bf4 Ke6 66. Kg2 Kf5 67. Kh3 Ke4 68. Bc7 Kf3 69. Bd6 Rd4 70. Bb8 Rb4 71. Bc7 Rg4 72. Bd6 Ke4 73. Bc7 Kf5 74. Bd6 Rd4 75. Bc7 Rd1 76. Bf4 Rb1 77. Bh6 Rh1+ 78. Kg2 Rd1 79. Kh3 Rd4 80. Bf4 1/2-1/2

[Event "TUR-chT"]
[Site "Kocaeli"]
[Date "2015.08.06"]
[Round "3.6"]
[White "Kilic, Efe Mert"]
[Black "Acar, Utku Cengiz"]
[Result "1-0"]
[WhiteElo "1816"]
[BlackElo "1930"]
[PlyCount "103"]
[EventDate "2015.08.04"]
[EventType "team-tourn"]
[EventRounds "13"]
[EventCountry "TUR"]
[SourceTitle "CBM 167 Extra"]
[Source "ChessBase"]
[SourceDate "2015.09.14"]
[SourceVersion "1"]
[SourceVersionDate "2015.09.14"]
[SourceQuality "1"]
[WhiteTeam "Kocaeli Buyuksehir"]
[BlackTeam "Akdeniz Belediyesi"]
[WhiteTeamCountry "TUR"]
[BlackTeamCountry "TUR"]

1. Nf3 c5 2. e4 g6 3. d4 cxd4 4. Qxd4 Nf6 5. e5 Nc6 6. Qa4 Nd5 7. Qe4 Nc7 8. Nc3 Bg7 9. Bc4 b5 10. Bb3 0-0 11. Bf4 a5 12. a4 b4 13. Nd5 Nxd5 14. Qxd5 e6 15. Qc5 Qe7 16. Qxe7 Nxe7 17. 0-0-0 f6 18. exf6 Bxf6 19. Bh6 Bg7 20. Bxg7 Kxg7 21. Rhe1 d5 22. Nd4 Ra6 23. Re2 g5 24. Rde1 Rf6 25. Nf3 h6 26. h4 gxh4 27. Nxh4 Ng6 28. Nxg6 Rxg6 29. g3 Kf6 30. Rh1 Bd7 31. Rh5 Ra8 32. Kd2 Rf8 33. Re3 Kg7 34. f4 Kf6 35. c3 Rfg8 36. Rh3 bxc3+ 37. bxc3 Rh8 38. Bc2 Rgg8 39. Re1 Rb8 40. g4 Rbg8 41. Rh4 Rc8 42. Reh1 Kg7 43. g5 Rc4 44. Rxh6 Rxh6 45. gxh6+ Kh8 46. Rb1 Bc8 47. Rb8 Kg8 48. Bg6 d4 49. Bd3 dxc3+ 50. Kc2 Rc6 51. Bb5 Rc5 52. Ba6 1-0

[Event "TUR-chT"]
[Site "Kocaeli"]
[Date "2015.08.05"]
[Round "2.2"]
[White "Acar, Utku Cengiz"]
[Black "Dedebas, Emre Emin"]
[Result "0-1"]
[WhiteElo "1930"]
[BlackElo "1975"]
[PlyCount "68"]
[EventDate "2015.08.04"]
[EventType "team-tourn"]
[EventRounds "13"]
[EventCountry "TUR"]
[SourceTitle "CBM 167 Extra"]
[Source "ChessBase"]
[SourceDate "2015.09.14"]
[SourceVersion "1"]
[SourceVersionDate "2015.09.14"]
[SourceQuality "1"]
[WhiteTeam "Akdeniz Belediyesi"]
[BlackTeam "Alyans Satranc"]
[WhiteTeamCountry "TUR"]
[BlackTeamCountry "TUR"]

1. e4 e5 2. Nc3 Nf6 3. g3 d5 4. exd5 Nxd5 5. Bg2 Nxc3 6. bxc3 Nc6 7. d3 Bc5 8. Nf3 0-0 9. 0-0 Bg4 10. h3 Bh5 11. Rb1 Bb6 12. Qe1 Re8 13. Nh4 Qd7 14. Qe4 Qe6 15. a4 Qf6 16. Be3 Rab8 17. Rbe1 h6 18. Bxb6 axb6 19. f4 Qd8 20. f5 f6 21. Ng6 Bxg6 22. fxg6 Qd6 23. h4 Rbd8 24. g4 Qc5+ 25. Kh2 Qxc3 26. g5 Rd4 27. Qf5 Rxh4+ 28. Kg3 Rh5 29. Qd7 Rxg5+ 30. Kh2 Rh5+ 31. Kg3 Rg5+ 32. Kh2 Rf8 33. Re2 Qd4 34. Qe6+ Kh8 0-1

[Event "TUR-chT"]
[Site "Kocaeli"]
[Date "2015.08.04"]
[Round "1.5"]
[White "Karaoglan, Kivanc"]
[Black "Acar, Utku Cengiz"]
[Result "1-0"]
[WhiteElo "1981"]
[BlackElo "1930"]
[PlyCount "121"]
[EventDate "2015.08.04"]
[EventType "team-tourn"]
[EventRounds "13"]
[EventCountry "TUR"]
[SourceTitle "CBM 167 Extra"]
[Source "ChessBase"]
[SourceDate "2015.09.14"]
[SourceVersion "1"]
[SourceVersionDate "2015.09.14"]
[SourceQuality "1"]
[WhiteTeam "Kahramanmaras Buyuksehir"]
[BlackTeam "Akdeniz Belediyesi"]
[WhiteTeamCountry "TUR"]
[BlackTeamCountry "TUR"]

1. d4 Nf6 2. c4 g6 3. Nf3 Bg7 4. g3 0-0 5. Bg2 d6 6. 0-0 Nc6 7. Nc3 e5 8. dxe5 Nxe5 9. Nxe5 dxe5 10. Qxd8 Rxd8 11. Bg5 Re8 12. Nb5 Re7 13. Rad1 Be6 14. Bxb7 Rb8 15. b3 Rxb7 16. Rd8+ Re8 17. Bxf6 Rxd8 18. Bxd8 c6 19. Nc7 Bc8 20. Rd1 Bf8 21. Ne8 f5 22. Bc7 e4 23. Rd8 Be6 24. Bd6 Be7 25. Bxe7 Rxe7 26. Nc7+ Kf7 27. Nxe6 Kxe6 28. e3 g5 29. Kf1 f4 30. gxf4 gxf4 31. exf4 Rf7 32. Re8+ Kf5 33. Ke2 Kxf4 34. Re6 Rc7 35. Rh6 Kg5 36. Rd6 Kf4 37. c5 Ke5 38. Ke3 Rf7 39. Rxc6 Rf3+ 40. Ke2 Rc3 41. Rc7 Rc2+ 42. Ke3 Rxa2 43. Rxh7 Rb2 44. Rh5+ Ke6 45. Kxe4 Rxb3 46. Rh6+ Kd7 47. Rh7+ Kc6 48. Rxa7 Rh3 49. f4 Rxh2 50. Ke5 Kxc5 51. Rc7+ Kb6 52. Rc3 Rf2 53. f5 Re2+ 54. Kf6 Rf2 55. Ke6 Re2+ 56. Kf7 Rf2 57. f6 Rf1 58. Ke7 Re1+ 59. Kf8 Rf1 60. f7 Rf2 61. Re3 1-0

[Event "Manavgat Turkey Cup"]
[Site "Manavgat"]
[Date "2015.02.04"]
[Round "7"]
[White "Ozen, Bahadir"]
[Black "Acar, Utku Cengiz"]
[Result "1-0"]
[WhiteElo "2010"]
[BlackElo "1868"]
[PlyCount "91"]
[EventDate "2015.01.31"]
[EventType "swiss"]
[EventRounds "11"]
[EventCountry "TUR"]
[SourceTitle "CBM 164 Extra"]
[Source "ChessBase"]
[SourceDate "2015.03.02"]
[SourceVersion "1"]
[SourceVersionDate "2015.03.02"]
[SourceQuality "1"]

1. d4 Nf6 2. Nf3 c5 3. g3 cxd4 4. Nxd4 Nc6 5. Bg2 e5 6. Nxc6 bxc6 7. 0-0 d5 8. c4 Be6 9. Qa4 Qd7 10. Nc3 Be7 11. Rd1 Rd8 12. Bg5 0-0 13. Bxf6 Bxf6 14. cxd5 cxd5 15. Qxd7 Rxd7 16. Bxd5 Rfd8 17. Bxe6 fxe6 18. Rxd7 Rxd7 19. Rd1 Rb7 20. b3 Rc7 21. Ne4 Be7 22. Kg2 h6 23. Rd3 Bb4 24. Kf3 a5 25. Rd8+ Kf7 26. Ra8 Rc2 27. a3 Be1 28. Rd8 Rc1 29. Rd7+ Kf8 30. e3 Bc3 31. Rc7 Bb2 32. Rxc1 Bxc1 33. b4 a4 34. b5 Ke7 35. Nc5 Bxa3 36. Nxa4 Kd6 37. Ke4 Bb4 38. Nb2 Be1 39. Nd3 Bc3 40. g4 g5 41. h3 Ba1 42. b6 Kc6 43. Nxe5+ Kxb6 44. Nf7 Bg7 45. Nd8 e5 46. Kf5 1-0

[Event "Wch U12"]
[Site "Durban"]
[Date "2014.09.26"]
[Round "8"]
[White "Peng, Hongchi"]
[Black "Acar, Utku Cengiz"]
[Result "1-0"]
[WhiteElo "2144"]
[BlackElo "1815"]
[PlyCount "32"]
[EventDate "2014.09.20"]
[EventType "swiss"]
[EventRounds "11"]
[EventCountry "RSA"]
[SourceTitle "CBM 162 Extra"]
[Source "ChessBase"]
[SourceDate "2014.10.17"]
[SourceVersion "1"]
[SourceVersionDate "2014.10.17"]
[SourceQuality "1"]

1. e4 c5 2. Nf3 e6 3. d4 cxd4 4. Nxd4 Nf6 5. Nc3 Nc6 6. Be3 Bb4 7. f3 d5 8. Nxc6 bxc6 9. e5 Nd7 10. f4 Bf8 11. Qg4 Rb8 12. b3 g6 13. Be2 a6 14. Bf3 c5 15. Bd2 Bb7 16. Na4 Bg7 1-0

[Event "Wch U12"]
[Site "Durban"]
[Date "2014.09.23"]
[Round "6"]
[White "Liang, Awonder"]
[Black "Acar, Utku Cengiz"]
[Result "1-0"]
[WhiteElo "2323"]
[BlackElo "1815"]
[PlyCount "95"]
[EventDate "2014.09.20"]
[EventType "swiss"]
[EventRounds "11"]
[EventCountry "RSA"]
[SourceTitle "CBM 162 Extra"]
[Source "ChessBase"]
[SourceDate "2014.10.17"]
[SourceVersion "1"]
[SourceVersionDate "2014.10.17"]
[SourceQuality "1"]

1. c4 e5 2. Nc3 Nf6 3. g3 d5 4. cxd5 Nxd5 5. Bg2 Nb6 6. Nf3 Nc6 7. 0-0 Be7 8. d3 0-0 9. a3 Be6 10. Be3 f5 11. b4 Bf6 12. Rc1 Nd4 13. Bxd4 exd4 14. Na4 Nxa4 15. Qxa4 c6 16. b5 Bd5 17. Ne1 Bg5 18. Rc2 Bxg2 19. Nxg2 cxb5 20. Qxb5 Rf7 21. Ne1 a6 22. Qb3 Rc8 23. Nf3 Rxc2 24. Qxc2 g6 25. Rb1 Bf6 26. Rb4 b5 27. a4 Qa5 28. Qb3 Kg7 29. axb5 Rb7 30. b6 Bd8 31. Nxd4 Rxb6 32. Rxb6 Qxb6 33. Qa4 Bf6 34. Nb3 Bc3 35. d4 a5 36. e3 Bb4 37. d5 f4 38. gxf4 Qd8 39. Qc6 Qh4 40. Qd7+ Kh8 41. Kg2 a4 42. Nc1 Bd2 43. Nd3 a3 44. h3 Bc3 45. Qc7 Qf6 46. d6 a2 47. d7 a1Q 48. d8Q+ 1-0